01884nam a2200313 4500001000400000003000400004005001700008008004100025020001500066040000800081041001300089082001400102100003000116240006900146245013600215250001000351260004200361300001100403520094100414650002301355650002201378650002501400650003201425655001201457655001601469700002801485700002801513830002901541408OSt20250528074019.0250509b |||||||j |||| 00| 1 eng d a8539808684 bpor hengapor a823bJ82e1 aJordan, Penny,d1946-2011 aPassion in the Desert Prince of the Desert & Sovereign Seduction aPaixão no DesertobPríncipe do Deserto & Soberana Sedução / cJordan, Penny ; Tradução de Marie Olivier e Carla Werneck a2 ed. aRio de JaneirobHarlequin Booksc2013 a312 p. aPRÍNCIPE DO DESERTO A virgem do sheik... Filha de um pai promíscuo, Gwynneth jurou jamais ser escrava dos desejos! Mas uma experiência ardente no reino de Zuran a deixa delirante e insegura: teria mesmo vivido uma noite de paixão com um estranho no deserto? Gwynneth nem desconfia que quase dormiu com o sheik Tariq Bin Salud. E agora ele exigirá sua virgindade! SOBERANA SEDUÇÃO Convocada para satisfazer os desejos do sheik. Kadir é governante de um reino do deserto quando descobre que também é o herdeiro do trono de Niroli. Mas ele precisa encontrar uma mulher que possa assumir ao seu lado a posição de rainha! Natalia é a escolhida. Ela ama seu país e, mesmo considerando Kadir um bárbaro, aceita o casamento. Natalia está preparada para enfrentar muitos desafios como esposa e soberana, no entanto, descobre que a cama de um selvagem e um lugar mais excitante do que ela poderia imaginar...  0aLiteratura Inglesa 0aDesejo e Paixão 0aCasamento Arranjado: 0aProtagonista Feminina Forte 0aRomance 0aFicção  aMarie OliviereTRADUTOR aCarla WerneckeTRADUTOR aColeção Penny Jordan